01764nam a2200337 a 4500001001000000005001700010008004100027041000800068044000800076084002000084100005000104245014500154260003900299300001700338500041200355500007300767500006500840500004000905500001000945546002400955650005700979650006101036650003901097650005001136700004201186740005001228902000801278942001101286999001501297952011401312BRCA_334320190320204232.0250309s1885----enk#---###---#000-0#eng-# aeng aenk a637b.S65c18851 aCervantes Saavedra, Miguel ded1547-1616921310aThe Ingenious Gentleman Don Quixote of la ManchacBy Miguel de Cervantes Saavedra; A Translation with Introduction and Notes by John Ormsby. aLondresbElder Smith and Co.c1885 a4 v.c23 cm. aContenido : v.1. Primera parte. Mapa. Biografía de Cervantes y Don Quijote por Ormsby. Prólogo del autor. Versos preliminares. Notas. -- v.2. Primera parte. Texto. Notas. -- v.3. Segunda parte. Prólogo del autor. Notas. -- v.4. Segunda parte. Texto. Notas. Apéndices: I. Probervios de Don Quijote II. Libros de caballería españoles III. Bibliografía de las ediciones y traducciones del Quijote aEjemplar por completo igual al anterior [636]. Tela Lúdovik Osterc aEstado físico : v.1 lomo desprendido, v.4 lomo deteriorado aCon ex-libris de : Ancore Weybridge aQM485 aTexto en : inglés14aNovela españolayÉpoca clásica, 1500-1700921514aLiteratura españolayÉpoca clásica, 1500-1700921614aNovela españolaySiglo XVII921714aDon Quijote (Personaje ficticio)eNovela92181 aOrmsby, Johnd1829-1895eEditor988290 aEl Ingenioso Hidalgo Don Quijote de la Mancha aQFM 2lcccB c3079d3079 00104070aBRCAbBRCAd2009-03-25iQM485l0o637 .S65 1885 (QM485)p3340r2019-03-22 00:00:00w2019-03-22yB